000 01056nac a22002891i 4500
003 EG-ScBUE
005 20240902100427.0
008 240902s2002 enka f 001 0 eng d
020 _a0198604602
035 _a(OCoLC)ocm51532883
040 _aEG-ScBUE
_beng
_erda
_cEG-ScBUE
_dEG-ScBUE
082 0 4 _a510
_bHIG
_222
100 1 _aHiggins, Peter M.,
_eauthor.
245 1 0 _aMathematics for the imagination /
_cPeter M. Higgins.
264 1 _aOxford ;
_aNew York :
_bOxford University Press,
_c2002.
300 _a229 pages :
_billustrations ;
_c20 cm
336 _2rdacontent
_atext
_btxt
337 _aunmediated
_2rdamedia
_bn
338 _avolume
_bnc
_2rdacarrier
500 _aIncludes index.
650 7 _aMathematics
_vPopular works.
_2BUEsh
655 _vReading book
856 4 2 _3Publisher description
_uhttp://www.loc.gov/catdir/enhancements/fy0615/2003276417-d.html
856 4 2 _3Table of contents only
_uhttp://www.loc.gov/catdir/enhancements/fy0615/2003276417-t.html
942 _cBB
_2ddc
999 _c1741
_d1741